000 01564mam a2200409 a 4500
001 2370113
005 20220326193341.0
008 990614s1998 sz a c 000 0 eng d
020 _a3907044800
035 _a(OCoLC)42764755
035 _a(OCoLC)ocm42764755
035 _a(NNC)2370113
040 _aSLB
_cSLB
_dCStRLIN
_dDNWM
_dNNC
041 0 _aengfregeritapor
090 _a700.74
_bF618f
100 1 _aFleury, Sylvie,
_d1961-
_94540
245 1 0 _aSylvie Fleury :
_bfirst spaceship on Venus and other vehicles : 24a Bienal Internacional de São Paulo em 1998, Suiça = 24th International Biennale of São Paulo 1998, Switzerland.
246 3 0 _aFirst spaceship on Venus and other vehicles
260 _aBaden :
_bL. Müller ;
_aBerne :
_bSwiss Federal Office of Culture,
_c1998.
300 _a144 p.
_bill. (col.) ;
_c30 cm.
546 _aText in English, Italian, French, German, and Portuguese.
600 1 0 _aFleury, Sylvie,
_d1961-
_vExhibiciones
_94541
650 _aArte Moderno
_9145
650 _aBienal Internacional
_y1998
_zSão Paulo
_94542
700 _aLienhard, Pierre-André
_c[Curador]
_94543
700 _aBovier, Lionel
_94545
700 _aCherix, Christophe
_94546
700 _aDecter, Joshua
_94102
700 _aFarwood, Cristina
_94547
700 _aVerzotti, Giorgio
_94548
700 _aVett, Spark
_94549
700 _aWilliams, Parker
_94550
700 _aZwitchie, Pam
_94551
710 1 _aSwitzerland,
_bBundesamt für Kultur.
_94544
711 2 _aBienal Internacional de São Paulo
_n(24th :
_d1998)
_94517
999 _c832
_d832